Planirovanije razvitija mežotraslevych kompleksov

Gespeichert in:
Bibliographische Detailangaben
Format: Buch
Sprache:Russisch
Veröffentlicht: Moskva Universitet 1982
Tags: Tag hinzufügen
Keine Tags, Fügen Sie das erste Tag hinzu!

MARC

LEADER 00000nam a2200000 4500
001 c130434
005 20041019155249.4
041 0 |a rus 
044 |a RU 
245 1 0 |a Planirovanije razvitija mežotraslevych kompleksov 
264 1 |a Moskva  |b Universitet  |c 1982 
300 |a 192 s.